| 000 | 00398pab a2200145 454500 | ||
|---|---|---|---|
| 008 | 180718b1985 xxu||||| |||| 00| 0 eng d | ||
| 100 | _aMenon, P.A. | ||
| 245 |
_aImplementation of urban renewal _bA review of local authority experience in New Zealand |
||
| 260 | _c1985 | ||
| 300 | _a29-38 | ||
| 362 | _aSpring | ||
| 650 | _aMenon, P.A. | ||
| 773 | _aPlanning and Administration | ||
| 909 | _a20209 | ||
| 999 |
_c20209 _d20209 |
||